01136nam a2200277 i 4500001000300000003000400003005001700007008004100024015001700065020001500082040001400097041000800111080001100119080001000130080001900140245022300159260003200382300002500414490007900439610000900518700004300527710004800570710006500618830007700683856009800760bgBPK20220706084133.0100701s1998 pl |000 0 pol  aPB 2000/4782 a8390781387 aWA NcBPK0 apol a327.51 a355.3 a061.1(100-622)00aReforma NATO :bseminarium "Polska wobec reformy wewnętrznej NATO" /cpraca pod red. Erharda Cziomera ; [Fundacja "Międzynarodowe Centrum Rozwoju Demokracji", Friedrich Ebert Stiftung. Przedstawicielstwo w Polsce]. aKraków :bF"MCRD",c1998. a74, [6] s. ;c21 cm.1 aZeszyty / Fundacja "Międzynarodowe Centrum Rozwoju Demokracji" ;vz. 28.24aNATO1 aCziomer, Erhardd(1940-2020)eRedakcja2 aMiędzynarodowe Centrum Rozwoju Demokracji2 aPrzedstawicielstwo w Polsce (Fundacja im. Friedricha Eberta) 0aZeszyty Fundacji "Międzynarodowe Centrum Rozwoju Demokracji" ;vz. 28. uhttp://koha.tu.koszalin.pl/cgi-bin/koha/opac-detail.pl?biblionumber=39173yKatalog online BPK